LIBRARY & INFORMATION CENTRE, KCAET, TAVANUR

ONLINE PUBLIC ACCESS CATALOGUE (OPAC)

Effect of different irrigation and fertigation levels on performance of cowpea under polyhouse (Record no. 15160)

MARC details
000 -LEADER
fixed length control field 00806nam a22002057a 4500
003 - CONTROL NUMBER IDENTIFIER
control field OSt
088 ## - REPORT NUMBER
Report number P 258
100 ## - MAIN ENTRY--AUTHOR NAME
Personal name MEERA T. BALAN
245 ## - TITLE STATEMENT
Title Effect of different irrigation and fertigation levels on performance of cowpea under polyhouse
260 ## - PUBLICATION, DISTRIBUTION, ETC. (IMPRINT)
Place of publication Tavanur 2013
Name of publisher Department of Irrigation And Drainage Engineering
300 ## - PHYSICAL DESCRIPTION
Number of Pages 65
500 ## - GENERAL NOTE
General note Effect of different irrigation and fertigation levels on performance of cowpea under polyhouse
520 ## - SUMMARY, ETC.
Summary, etc Effect of different irrigation and fertigation levels on performance of cowpea under polyhouse
700 ## - ADDED ENTRY--PERSONAL NAME
Personal name Sajna A
700 ## - ADDED ENTRY--PERSONAL NAME
Personal name Swetha K.P
700 ## - ADDED ENTRY--PERSONAL NAME
Personal name Er. Anu Varughese (Guide)
856 ## - ELECTRONIC LOCATION AND ACCESS
Uniform Resource Identifier https://drive.google.com/open?id=18R8oEkNXaIHdazYPBluAS3E35XlRtrvq
942 ## - ADDED ENTRY ELEMENTS (KOHA)
Koha item type Project Report
Holdings
Collection code Home library Current library Shelving location Full call number Accession Number Koha item type
Reference KAUAET KAUAET Reference 631.587 MEE/EF P 258 Project Report
free website counter